000 01347nam0a2200337 4500
001 RU\NLR\bibl\509071
005 20250609142137.0
010 _a5-7578-0181-6
_910000
021 _aRU
_b2003-73027
_93620
035 _aRSL-KNO-002395756
035 _a(NLR Aleph) 000501593
090 _a1177014
_c1177014
100 _a20031229d2003 |||y0rusy50 ca
101 0 _arus
102 _aRU
105 _aa |||||||||
106 _ar
200 1 _aГладиолусы
_e[Практ. пособие по выбору сортов, выращиванию, размножению, защите от болезней и вредителей]
_fО.И. Свитковская
210 _aМ.
_cМСП
_d2003
_eВеликолук. гор. тип.
215 _a59,[4] с.
_cил.
_d20
320 _aБиблиогр. в конце кн. (4 назв.)
606 0 _aГладиолусы
_jПопулярные издания
_xКультура на приусадебных участках
_92312068
_3RU\NLR\auth\661383687
686 _aП278.83,0
_2rubbk
686 _aП274.9гладиолусы-4 я9
700 1 _aСвитковская
_bО. И.
_gОльга Ивановна
_4070
801 0 _aRU
_bRuMoRKP
_c20031229
_gPSBO
801 1 _aRU
_bRuMoRKP
_c20031229
801 2 _aRU
_bNLR
_c20040407
_gPSBO
942 _cBOOK
980 _aNB